Normal view
MARC view
- Wang, Fan.
Entry Personal Name
001 - CONTROL NUMBER
- control field: 53693
003 - CONTROL NUMBER IDENTIFIER
- control field: OSt
005 - DATE AND TIME OF LATEST TRANSACTION
- control field: 20240228135344.0
008 - FIXED-LENGTH DATA ELEMENTS
- fixed length control field: 240228|| aca||aabn | a|a d
040 ## - CATALOGING SOURCE
- Original cataloging agency: OSt
- Transcribing agency: OSt
100 ## - HEADING--PERSONAL NAME
- Personal name: Wang, Fan.
- Relator term: author.
670 ## - SOURCE DATA FOUND
- Source citation: Work cat.: (OSt): Wang, Fan. author., Multiphase low stresses high step-up DC—DC converter with self-balancing capacitor voltages and self-averaging inductor currents /, June 2022.
